[Event "5. Nord-West-Cup"]
[Site "?"]
[Date "2003.??.??"]
[Round "3"]
[White "Christophers, Reinhard"]
[Black "Kickert, Germaine"]
[Result "0-1"]
[WhiteElo "1575"]
[BlackElo "1269"]
[PlyCount "120"]

1. e4 e5 2. f4 exf4 3. Nf3 Be7 4. Bc4 Nc6 5. d4 f5 6. exf5 d5 7. Bd3 Bh4+ 8.
Kf1 Bf6 9. c3 Qd6 10. Qe2+ Nge7 11. h4 O-O 12. Ne5 Bxe5 13. dxe5 Qxe5 14. Nd2
Nxf5 15. Bxf5 Bxf5 16. Qxe5 Nxe5 17. Nf3 Nxf3 18. gxf3 Bd3+ 19. Kf2 Rae8 20.
Re1 Rxe1 21. Kxe1 c6 22. Kf2 Re8 23. Bxf4 Re2+ 24. Kg3 Rxb2 25. Be5 Rb1 26.
Rxb1 Bxb1 27. Bb8 Bxa2 28. Bxa7 Kf7 29. Bd4 g6 30. Kf4 Bb1 31. Kg5 h5 32. Kf4
Ke6 33. Bc5 Kd7 34. Ke5 Bf5 35. f4 Kc7 36. Bd6+ Kb6 37. Be7 Be4 38. c4 Ka5 39.
Kd4 b5 40. cxb5 cxb5 41. Kc3 Bg2 42. Kb3 Bf1 43. Bd8+ Ka6 44. Kb4 d4 45. Bf6 d3
46. Bc3 Kb6 47. Bd2 Kc6 48. Kc3 Kc5 49. Kb3 Kd5 50. Kb4 Ke4 51. Kxb5 Kf3 52.
Kb4 Kg4 53. Kc3 Kxh4 54. Kd4 Kg3 55. Ke3 h4 56. Be1+ Kg4 57. Kf2 Be2 58. Bd2 h3
59. Kg1 Kg3 60. Be1+ Kxf4 0-1

[Event "5. Nord-West-Cup"]
[Site "?"]
[Date "2003.??.??"]
[Round "3"]
[White "Schermann, Sarah"]
[Black "Meyer, Eric"]
[Result "0-1"]
[WhiteElo "895"]
[BlackElo "1568"]
[PlyCount "38"]

1. e4 e6 2. d4 d5 3. e5 c5 4. Nf3 Qb6 5. Be2 Nc6 6. c3 cxd4 7. cxd4 Nge7 8. O-O
Nf5 9. Be3 Qxb2 10. Nbd2 Nfxd4 11. Rb1 Nxe2+ 12. Qxe2 Qxa2 13. Ra1 Qb2 14. Rfb1
Qc3 15. Rb3 Qxa1+ 16. Nf1 Qa5 17. Bd2 Qc7 18. Rc3 a5 19. Nd4 Nxd4 0-1

[Event "5. Nord-West-Cup"]
[Site "?"]
[Date "2003.??.??"]
[Round "3"]
[White "Schallück, Hans-Christian"]
[Black "Bruckmann, Thomas"]
[Result "1-0"]
[WhiteElo "1567"]
[BlackElo "1415"]
[PlyCount "47"]

1. e4 b6 2. d4 Bb7 3. Bd3 Nf6 4. Nc3 e6 5. Bg5 Be7 6. Nf3 O-O 7. O-O d6 8. Qe2
Nbd7 9. Rad1 c5 10. Bc1 d5 11. exd5 exd5 12. dxc5 bxc5 13. Bf5 a6 14. Rfe1 Bd6
15. Bg5 Qc7 16. Bxd7 Nxd7 17. Nxd5 Bxd5 18. Rxd5 h6 19. Bh4 g5 20. Bg3 Bxg3 21.
hxg3 Rfe8 22. Qxe8+ Rxe8 23. Rxe8+ Kg7 24. Re7 1-0

[Event "5. Nord-West-Cup"]
[Site "?"]
[Date "2003.??.??"]
[Round "3"]
[White "Frerichs, Manfred"]
[Black "Hubbermann, Günter"]
[Result "1-0"]
[WhiteElo "1567"]
[BlackElo "1092"]
[PlyCount "71"]

1. e4 e5 2. Nf3 Nc6 3. g3 Bc5 4. Bg2 d6 5. O-O Nf6 6. d3 h6 7. c3 d5 8. exd5
Qxd5 9. Re1 Ng4 10. d4 e4 11. dxc5 Qxd1 12. Rxd1 exf3 13. Bxf3 Nge5 14. Re1 O-O
15. Bxc6 Rd8 16. Bg2 Nd3 17. Rd1 Bf5 18. Na3 Nxc1 19. Raxc1 Rxd1+ 20. Rxd1 Re8
21. Nc4 Be4 22. Re1 f5 23. f3 Bc6 24. Rxe8+ Bxe8 25. f4 Bf7 26. Ne5 Bxa2 27.
Bxb7 g5 28. Ba6 Be6 29. Kf2 Bd5 30. Bc4 Bxc4 31. Nxc4 Kf7 32. Ke3 Ke6 33. Kd4
c6 34. Na5 Kd7 35. Ke5 gxf4 36. gxf4 1-0

[Event "5. Nord-West-Cup"]
[Site "?"]
[Date "2003.??.??"]
[Round "4"]
[White "Fish, Gennadij"]
[Black "Baramidze, David"]
[Result "1/2-1/2"]
[WhiteElo "2500"]
[BlackElo "2426"]
[PlyCount "90"]

1. d4 d5 2. c4 e6 3. Nc3 Be7 4. Nf3 Nf6 5. Bg5 O-O 6. e3 h6 7. Bh4 b6 8. Be2
Bb7 9. Bxf6 Bxf6 10. cxd5 exd5 11. Qb3 c6 12. Rd1 Nd7 13. O-O g6 14. Rfe1 Bg7
15. e4 dxe4 16. Nxe4 Qc7 17. Bc4 Rad8 18. a4 a6 19. Rc1 Nf6 20. Ng3 c5 21. dxc5
bxc5 22. Rcd1 Rxd1 23. Rxd1 Nd7 24. Qd3 Bxf3 25. Qxf3 Bxb2 26. Bxa6 c4 27. Qe2
c3 28. Bd3 Nc5 29. Bc2 Rc8 30. Qe3 h5 31. Ne4 Nxe4 32. Qxe4 Ba3 33. g3 Bc5 34.
Rd3 Qc6 35. Qxc6 Rxc6 36. Kf1 Bb6 37. Rd5 Kf8 38. a5 Bc7 39. Ke2 Ra6 40. Bd3
Rxa5 41. Rxa5 Bxa5 42. h3 Ke7 43. Bc2 Bb6 44. f3 Bc7 45. Kd3 Bxg3 1/2-1/2

[Event "5. Nord-West-Cup"]
[Site "?"]
[Date "2003.??.??"]
[Round "4"]
[White "Hobuss, Udo"]
[Black "Gutman, Lev"]
[Result "1-0"]
[WhiteElo "2394"]
[BlackElo "2495"]
[PlyCount "111"]

1. d4 Nf6 2. c4 g6 3. Nc3 Bg7 4. e4 O-O 5. Be2 c6 6. e5 Ne8 7. Nf3 d6 8. O-O
dxe5 9. dxe5 Nc7 10. Bf4 Ne6 11. Bg3 Qb6 12. Qc2 Nd7 13. Rfe1 a5 14. Rad1 Ndc5
15. h3 a4 16. Bf1 Bh6 17. Kh1 Ng7 18. Bh4 Re8 19. g4 Nge6 20. Bg3 a3 21. b3 Bd7
22. Nh4 Rad8 23. Ng2 Bc8 24. f4 Qb4 25. g5 Bf8 26. Bf2 b6 27. Qc1 Ng7 28. Ne3
Bf5 29. Ng4 Nge6 30. Be3 Qa5 31. Nf2 Bg7 32. Bg2 Rc8 33. Nb1 f6 34. exf6 exf6
35. Qxa3 Qxa3 36. Nxa3 fxg5 37. fxg5 Nd4 38. Bd2 Ne2 39. Bf3 Bd4 40. Rxe2 Rxe2
41. Bxe2 Bxf2 42. Kg2 Bd4 43. Bf3 Bb2 44. Nb1 Bc2 45. Rf1 Ne4 46. Be3 b5 47.
cxb5 cxb5 48. Nd2 Nc3 49. Bg4 Re8 50. Bd4 Bd3 51. Rf6 Bf5 52. Bxf5 gxf5 53.
Rxf5 Nd1 54. Bxb2 Re2+ 55. Kg3 Rxd2 56. Bf6 1-0

[Event "5. Nord-West-Cup"]
[Site "?"]
[Date "2003.??.??"]
[Round "4"]
[White "Schirm, Friedmar"]
[Black "Meins, Gerlef"]
[Result "1/2-1/2"]
[WhiteElo "2305"]
[BlackElo "2436"]
[PlyCount "58"]

1. Nf3 d5 2. c4 e6 3. g3 Nf6 4. Bg2 Be7 5. O-O O-O 6. b3 c5 7. e3 Nc6 8. Bb2 b6
9. Nc3 Bb7 10. cxd5 exd5 11. d4 Ne4 12. dxc5 Bf6 13. Qc1 Nxc5 14. Rd1 Nb4 15.
Ne1 Rc8 16. Qd2 a5 17. Ne2 Ne4 18. Bxe4 dxe4 19. Qxd8 Bxd8 20. Nc3 Bc6 21. a3
Na6 22. Nd5 Nc5 23. b4 Nd3 24. Nxd3 Bxd5 25. Ne5 Bb3 26. Rdc1 Bf6 27. Bd4 axb4
28. axb4 Rxc1+ 29. Rxc1 Bxe5 1/2-1/2

[Event "5. Nord-West-Cup"]
[Site "?"]
[Date "2003.??.??"]
[Round "4"]
[White "Levin, Felix"]
[Black "Schmidt, Harald"]
[Result "1-0"]
[WhiteElo "2523"]
[BlackElo "2339"]
[PlyCount "120"]

1. Nf3 d6 2. d4 Nf6 3. c4 g6 4. Nc3 Bg7 5. e4 O-O 6. Be2 Nc6 7. d5 Nb4 8. O-O
a5 9. Be3 Ng4 10. Bg5 h6 11. Bd2 Na6 12. Ne1 h5 13. h3 Nh6 14. Qc1 Kh7 15. Nf3
f6 16. Be3 c5 17. Bd3 Nb4 18. Bb1 e5 19. dxe6 Bxe6 20. a3 Nc6 21. Nd5 Bxd5 22.
cxd5 Ne5 23. Nh4 g5 24. Nf5 Nxf5 25. exf5 Bh6 26. a4 Rg8 27. f3 Qe7 28. g4 b5
29. axb5 hxg4 30. hxg4 Qb7 31. Be4 Qxb5 32. Rf2 Rge8 33. Qc2 Qc4 34. Qxc4 Nxc4
35. Bc1 Ne5 36. Bc2 Reb8 37. Kg2 Bf8 38. Kg3 Be7 39. Bxg5 Kg7 40. Bc1 c4 41.
Ra3 Bd8 42. f4 Nf7 43. Re2 Bb6 44. Re4 Rh8 45. Rxc4 Rh1 46. Be4 Rg1+ 47. Bg2
Re8 48. Rc2 Ree1 49. Rac3 Bc5 50. b3 Rd1 51. Bb2 Nh6 52. Kh3 Rde1 53. Rd3 Kf7
54. Kg3 Rb1 55. Rdd2 Rge1 56. Re2 Red1 57. Re6 Rd3+ 58. Kh4 Ng8 59. g5 fxg5+
60. fxg5 Rxb3 1-0

[Event "5. Nord-West-Cup"]
[Site "?"]
[Date "2003.??.??"]
[Round "4"]
[White "Jaracz, Barbara"]
[Black "Jaracz, Pawel"]
[Result "0-1"]
[WhiteElo "2292"]
[BlackElo "2546"]
[PlyCount "62"]

1. e4 c5 2. Nf3 e6 3. d4 cxd4 4. Nxd4 Nc6 5. Nc3 Qc7 6. Ndb5 Qb8 7. Be3 a6 8.
Nd4 Qc7 9. Qd2 Nf6 10. O-O-O Bb4 11. f3 Ne5 12. Nb3 b5 13. Bd4 Be7 14. Qf2 d6
15. Kb1 O-O 16. g4 Nfd7 17. Bd3 b4 18. Ne2 a5 19. f4 Nxd3 20. cxd3 a4 21. Nd2
e5 22. Be3 Ba6 23. Nf3 Rfc8 24. Ng3 g6 25. Qd2 Nc5 26. Ne1 Nb3 27. Qe2 exf4 28.
Bxf4 Bf6 29. Nf3 a3 30. axb3 axb2 31. e5 Qc3 0-1

[Event "5. Nord-West-Cup"]
[Site "?"]
[Date "2003.??.??"]
[Round "4"]
[White "Leiber, Bernhard"]
[Black "Lanka, Zigurds"]
[Result "0-1"]
[WhiteElo "2208"]
[BlackElo "2509"]
[PlyCount "52"]

1. e4 c5 2. Nf3 Nc6 3. Bb5 g6 4. O-O Bg7 5. Re1 e5 6. c3 Nge7 7. d4 cxd4 8.
cxd4 exd4 9. Nbd2 O-O 10. Nb3 Qb6 11. Bc4 d6 12. Bg5 a5 13. h3 Re8 14. Qd2 a4
15. Qf4 Be6 16. Nbd2 Ne5 17. Nxe5 dxe5 18. Qh4 Bxc4 19. Nxc4 Qe6 20. Bxe7 Rxe7
21. Rec1 h5 22. Na3 Bh6 23. Rc5 Rd7 24. Qg3 d3 25. Nb5 Bf4 26. Qf3 Qb6 0-1

[Event "5. Nord-West-Cup"]
[Site "?"]
[Date "2003.??.??"]
[Round "4"]
[White "Karpatchev, Aleksandr"]
[Black "Sawatzki, Frank"]
[Result "1-0"]
[WhiteElo "2463"]
[BlackElo "2320"]
[PlyCount "57"]

1. e4 c5 2. c3 Nf6 3. e5 Nd5 4. d4 cxd4 5. cxd4 e6 6. Nc3 Nxc3 7. bxc3 Qc7 8.
Bd2 d6 9. f4 Nc6 10. Nf3 Bd7 11. exd6 Bxd6 12. Ne5 O-O 13. Bd3 Be8 14. Qe2 Rc8
15. O-O Na5 16. Rf3 g6 17. Rh3 a6 18. Re1 b5 19. Ng4 Qd8 20. Qe3 Rc7 21. f5
exf5 22. Nh6+ Kh8 23. Nxf5 f6 24. Nxd6 Qxd6 25. Qe4 Qd8 26. d5 Rd7 27. Qh4 Re7
28. Re6 Rxe6 29. Qxh7# 1-0

[Event "5. Nord-West-Cup"]
[Site "?"]
[Date "2003.??.??"]
[Round "4"]
[White "Jugelt, Tobias"]
[Black "Heinemann, Ernst"]
[Result "1-0"]
[WhiteElo "2431"]
[BlackElo "2263"]
[PlyCount "111"]

1. Nf3 Nf6 2. d4 g6 3. Bf4 Bg7 4. e3 O-O 5. h3 b6 6. Bd3 Bb7 7. O-O d6 8. c4 c5
9. Nc3 cxd4 10. exd4 Nc6 11. d5 Nb4 12. Re1 Rc8 13. Bf1 a5 14. Qb3 Nd7 15. Re3
Nc5 16. Qd1 Re8 17. a3 Nba6 18. Qc2 Qd7 19. Rd1 a4 20. Nd4 Nc7 21. Rd2 e5 22.
dxe6 fxe6 23. Ndb5 Nxb5 24. Nxb5 Nb3 25. Rxb3 axb3 26. Qxb3 Rf8 27. Rxd6 Qf7
28. Bg3 Rc6 29. Rxc6 Bxc6 30. Nd6 Qa7 31. c5 Bd5 32. Qxb6 Qxb6 33. cxb6 Rb8 34.
Nc4 Rb7 35. Bc7 Bd4 36. Nd6 Bxb2 37. Nxb7 Bxb7 38. a4 Bc3 39. f4 Kf7 40. Bb5
Ke7 41. Kh2 Ba5 42. Kg3 Be1+ 43. Kh2 Ba5 44. g4 Bd5 45. g5 Bb7 46. Kg1 Bc3 47.
Kf2 Ba5 48. Ke3 Bg2 49. h4 Bb7 50. Kd4 Be1 51. Bd3 Bf2+ 52. Ke5 Be1 53. Bd6+
Kf7 54. Bc5 Bd2 55. Bc4 Bc8 56. Bxe6+ 1-0

[Event "5. Nord-West-Cup"]
[Site "?"]
[Date "2003.??.??"]
[Round "4"]
[White "Cioara, Andrei Nestor"]
[Black "Meyer, Malte"]
[Result "1-0"]
[WhiteElo "2396"]
[BlackElo "2244"]
[PlyCount "59"]

1. e4 e6 2. d4 d5 3. Nd2 Nf6 4. e5 Nfd7 5. f4 c5 6. c3 Nc6 7. Ndf3 Qb6 8. h4
cxd4 9. cxd4 Bb4+ 10. Kf2 f6 11. Kg3 O-O 12. Nh3 fxe5 13. dxe5 Nc5 14. Kh2 Ne4
15. Nfg5 Be7 16. Bd3 Qd4 17. Qe2 Bxg5 18. Nxg5 Nxg5 19. hxg5 Rxf4 20. Bxh7+
Kxh7 21. Kg3+ Kg8 22. Bxf4 Ne7 23. Rh8+ Kf7 24. Qh5+ Ng6 25. Rf1 Qe4 26. Qh7
Nxh8 27. Be3+ Ke8 28. Qxh8+ Kd7 29. Rf7+ Kc6 30. Qe8+ 1-0

[Event "5. Nord-West-Cup"]
[Site "?"]
[Date "2003.??.??"]
[Round "4"]
[White "Vasiljevic, Dragan"]
[Black "Schütte, Marc"]
[Result "0-1"]
[WhiteElo "2361"]
[BlackElo "2232"]
[PlyCount "128"]

1. d4 d5 2. Nf3 Nc6 3. Bf4 Bg4 4. Nbd2 e6 5. c3 Bxf3 6. Nxf3 Bd6 7. e3 Nge7 8.
Bd3 Ng6 9. Bg3 O-O 10. Bc2 Re8 11. O-O Na5 12. b3 f5 13. Nd2 b5 14. Qh5 Nb7 15.
a4 a6 16. Qe2 Qd7 17. c4 Bxg3 18. fxg3 c6 19. c5 Nf8 20. Nf3 g6 21. g4 Qc7 22.
b4 Nd7 23. Qf2 Rf8 24. Qh4 Nf6 25. h3 Rae8 26. axb5 axb5 27. Ra7 Qb8 28. Ra6
Nd8 29. Ne5 Qb7 30. Rfa1 Qg7 31. g5 Nd7 32. Nxd7 Qxd7 33. Ra7 Nb7 34. Qf4 e5
35. dxe5 Re6 36. R1a6 Rb8 37. Rb6 Qc8 38. g4 fxg4 39. Qxg4 Nd8 40. e4 Ra8 41.
Ra5 Rxe5 42. exd5 cxd5 43. Qxc8 Rxc8 44. h4 Nc6 45. Raxb5 Nd4 46. Rb8 Rce8 47.
Rxe8+ Rxe8 48. Ba4 Nxb5 49. Bxb5 Re4 50. Bd7 Kf7 51. b5 Ke7 52. Bc6 Rxh4 53. b6
Kd8 54. Bb7 Rb4 55. Kf2 Rb5 56. Bxd5 Rxc5 57. Bg8 Rxg5 58. Bxh7 Kc8 59. Kf3 Kb7
60. Kf4 Rg1 61. Bg8 Kxb6 62. Bd5 Kc5 63. Bb7 Kd6 64. Kf3 Ke7 0-1

[Event "5. Nord-West-Cup"]
[Site "?"]
[Date "2003.??.??"]
[Round "4"]
[White "Pajeken, Wolfgang"]
[Black "Schneider, Ilja"]
[Result "1/2-1/2"]
[WhiteElo "2326"]
[BlackElo "2217"]
[PlyCount "24"]

1. d4 Nf6 2. c4 e5 3. dxe5 Ng4 4. Bf4 Bb4+ 5. Nd2 d6 6. exd6 Qf6 7. Nh3 Nxf2 8.
Kxf2 Bxh3 9. g3 Bc5+ 10. e3 Bxf1 11. Rxf1 Bxd6 12. Rb1 Bxf4 1/2-1/2

[Event "5. Nord-West-Cup"]
[Site "?"]
[Date "2003.??.??"]
[Round "4"]
[White "Asendorf, Joachim"]
[Black "Mühlenhaus, Sven"]
[Result "1-0"]
[WhiteElo "2280"]
[BlackElo "2193"]
[PlyCount "83"]

1. c4 c6 2. e4 d5 3. exd5 cxd5 4. cxd5 Nf6 5. Bb5+ Bd7 6. Bc4 Qc7 7. d3 b5 8.
Bb3 Na6 9. Ne2 Nc5 10. O-O Nxb3 11. Qxb3 Qb7 12. Nbc3 b4 13. Bg5 Rb8 14. Bf4
Rd8 15. Rfe1 Bc8 16. Ne4 Nxd5 17. Rac1 Nxf4 18. Nxf4 e6 19. Re2 Bd6 20. Nxd6+
Rxd6 21. Rec2 O-O 22. Rc7 Qb8 23. Qc4 Ba6 24. Qc5 Qb6 25. Rxa7 Qxc5 26. Rxc5
Bxd3 27. Nxd3 Rxd3 28. g3 b3 29. Rcc7 bxa2 30. Rxa2 Rd2 31. Rb7 g5 32. Raa7 Rd3
33. b4 Rf3 34. Kg2 Rf5 35. Ra5 Rxa5 36. bxa5 Rc8 37. Rb5 h6 38. a6 Ra8 39. Ra5
Ra7 40. Kf3 f5 41. Ke3 e5 42. Kd3 1-0

[Event "5. Nord-West-Cup"]
[Site "?"]
[Date "2003.??.??"]
[Round "4"]
[White "Schmidt, Oliver"]
[Black "Ljubarskij, Jurij"]
[Result "1/2-1/2"]
[WhiteElo "2073"]
[BlackElo "2292"]
[PlyCount "182"]

1. e4 e5 2. Nf3 Nc6 3. Bb5 a6 4. Bxc6 dxc6 5. O-O Qd6 6. d3 f6 7. Be3 c5 8.
Nbd2 Be6 9. Nc4 Qd7 10. a4 O-O-O 11. Nfd2 g5 12. a5 Qc6 13. Qb1 Ne7 14. b4 cxb4
15. Qxb4 Nf5 16. Qa4 Qxa4 17. Rxa4 Nd4 18. Bxd4 Rxd4 19. Rb1 Bd7 20. Ra2 Bb5
21. Ne3 Ra4 22. Rxa4 Bxa4 23. Ndc4 Bc5 24. Rb2 Bc6 25. Kf1 Kb8 26. Ke2 Ka7 27.
c3 Rd8 28. Nc2 Bb5 29. Nb4 Bxc4 30. dxc4 Bxb4 31. Rxb4 b6 32. Ra4 bxa5 33. Rxa5
Kb6 34. Ra1 Rd6 35. h4 Kc5 36. hxg5 fxg5 37. Ra5+ Kxc4 38. Rxe5 h6 39. Ra5 Kxc3
40. Rc5+ Kd4 41. Rxc7 Kxe4 42. g3 Rb6 43. Rc4+ Kd5 44. Ra4 Kc5 45. f4 Kb5 46.
Re4 gxf4 47. gxf4 a5 48. Re5+ Kb4 49. f5 a4 50. Re6 Rb5 51. Rxh6 Rxf5 52. Rb6+
Kc3 53. Ra6 Kb3 54. Rb6+ Kc2 55. Rc6+ Kb2 56. Rb6+ Ka2 57. Kd2 Rc5 58. Rb8 a3
59. Rb7 Ka1 60. Rb8 Rh5 61. Kc1 Rh2 62. Ra8 Ka2 63. Ra7 Rb2 64. Ra8 Rb7 65. Ra6
Rb3 66. Kc2 Rb4 67. Ra8 Rc4+ 68. Kd2 Rc5 69. Ra7 Kb2 70. Rb7+ Ka1 71. Ra7 a2
72. Rb7 Rh5 73. Kc1 Rh1+ 74. Kc2 Rb1 75. Ra7 Rb6 76. Rc7 Rb2+ 77. Kc1 Rh2 78.
Rb7 Rh1+ 79. Kc2 Rb1 80. Ra7 Rb4 81. Rc7 Rb5 82. Rc8 Rh5 83. Rb8 Rc5+ 84. Kd2
Rc6 85. Rb7 Rf6 86. Kc2 Rf2+ 87. Kc1 Rg2 88. Rb8 Rg5 89. Rb7 Rc5+ 90. Kd2 Rc8
91. Rb6 Rb8 1/2-1/2

[Event "5. Nord-West-Cup"]
[Site "?"]
[Date "2003.??.??"]
[Round "4"]
[White "Hilmer, Frank"]
[Black "Fehsenfeld, Frithjof"]
[Result "1-0"]
[WhiteElo "2223"]
[BlackElo "2062"]
[PlyCount "67"]

1. d4 d5 2. c4 e6 3. Nc3 Nf6 4. cxd5 exd5 5. Bg5 Nbd7 6. e3 Be7 7. Bd3 O-O 8.
Qc2 h6 9. Bf4 a6 10. Nf3 b6 11. O-O Bb7 12. h3 c5 13. a4 Rc8 14. Rfd1 Re8 15.
Ne5 Nxe5 16. dxe5 Nh5 17. Be4 Nxf4 18. exf4 dxe4 19. Rxd8 Rexd8 20. Nxe4 Rd4
21. Re1 Rcd8 22. f5 c4 23. Nd6 Bd5 24. Qc3 Rd3 25. Qb4 Rb3 26. Qd2 Rd3 27. Qf4
f6 28. Nxc4 b5 29. axb5 axb5 30. exf6 Bxf6 31. Ne3 Re8 32. Qd6 Bxb2 33. Rb1 Bc4
34. Qg6 1-0

[Event "5. Nord-West-Cup"]
[Site "?"]
[Date "2003.??.??"]
[Round "4"]
[White "Lundin, Jan"]
[Black "Korba, Roman"]
[Result "0-1"]
[WhiteElo "2220"]
[BlackElo "2096"]
[PlyCount "64"]

1. d4 Nf6 2. c4 g6 3. Nc3 Bg7 4. e4 d6 5. Nf3 O-O 6. Be2 e5 7. O-O Nc6 8. d5
Ne7 9. b4 a5 10. bxa5 Rxa5 11. a4 Nh5 12. Ra3 f5 13. exf5 Bxf5 14. Nb5 Bd7 15.
c5 Nf4 16. Bc4 Bg4 17. Re1 Nf5 18. Bxf4 exf4 19. Qd2 Bxf3 20. Qxa5 Bxg2 21.
Kxg2 f3+ 22. Kh1 Qh4 23. Rxf3 Qxc4 24. Nxc7 Qg4 25. Rd3 Be5 26. f3 Qh4 27. Rxe5
dxe5 28. Qd2 e4 29. Ne6 Qh3 30. Qg2 Qxg2+ 31. Kxg2 exd3 32. Nxf8 d2 0-1

[Event "5. Nord-West-Cup"]
[Site "?"]
[Date "2003.??.??"]
[Round "4"]
[White "Krause, Thomas"]
[Black "Böhme, Arne"]
[Result "1-0"]
[WhiteElo "2186"]
[BlackElo "1982"]
[PlyCount "51"]

1. Nf3 d6 2. c4 Bg4 3. d4 Bxf3 4. gxf3 c6 5. Nc3 g6 6. e4 Bg7 7. Be3 Nd7 8. f4
c5 9. d5 Qa5 10. Bd2 Qc7 11. Be2 Ngf6 12. Be3 Qa5 13. Bd2 Qc7 14. h4 a6 15. Qc2
O-O 16. h5 Rfb8 17. hxg6 fxg6 18. f5 Kf7 19. fxg6+ hxg6 20. Rg1 Nf8 21. Bd3
N6d7 22. f4 b5 23. e5 dxe5 24. Bxg6+ Kg8 25. Qf5 Rb6 26. Qf7+ 1-0

[Event "5. Nord-West-Cup"]
[Site "?"]
[Date "2003.??.??"]
[Round "4"]
[White "Kolthoff, Siegmund"]
[Black "Wiege, Andre"]
[Result "0-1"]
[WhiteElo "2180"]
[BlackElo "1977"]
[PlyCount "44"]

1. d4 Nf6 2. Nf3 d6 3. c4 Nbd7 4. Nc3 c6 5. e4 e5 6. Be2 Qc7 7. O-O Be7 8. a3
O-O 9. Qc2 Re8 10. Re1 Nf8 11. h3 Ne6 12. Be3 Nh5 13. Nxe5 dxe5 14. Bxh5 exd4
15. Bd2 dxc3 16. Bxc3 Nf4 17. Bf3 Be6 18. b3 Rad8 19. Ra2 Rd3 20. Be2 Nxe2+ 21.
Rxe2 Red8 22. Re1 Qf4 0-1

[Event "5. Nord-West-Cup"]
[Site "?"]
[Date "2003.??.??"]
[Round "4"]
[White "Walter, Stefan"]
[Black "Zeuner, Michael"]
[Result "1/2-1/2"]
[WhiteElo "2051"]
[BlackElo "2165"]
[PlyCount "52"]

1. d4 Nf6 2. c4 c5 3. d5 e6 4. Nc3 exd5 5. cxd5 d6 6. Nf3 g6 7. e4 Bg7 8. Nd2
O-O 9. Bd3 Na6 10. O-O Nc7 11. a4 b6 12. Nc4 Nfe8 13. f4 Ba6 14. Qe2 f5 15.
exf5 gxf5 16. Kh1 Qd7 17. Ne3 Bxd3 18. Qxd3 Bd4 19. Rf3 Ng7 20. Bd2 Rae8 21.
Nc2 Bf6 22. Rh3 Re7 23. Ne3 Bd4 24. Nc2 Bf6 25. Ne3 Bd4 26. Nc2 Bf6 1/2-1/2

[Event "5. Nord-West-Cup"]
[Site "?"]
[Date "2003.??.??"]
[Round "4"]
[White "Kerker, Andreas"]
[Black "Thom, Rüdiger"]
[Result "0-1"]
[WhiteElo "2151"]
[BlackElo "1969"]
[PlyCount "118"]

1. e4 Nc6 2. Nf3 d6 3. c4 e5 4. d4 Bg4 5. d5 Nd4 6. Be2 Bxf3 7. Bxf3 g6 8. Nd2
Bh6 9. Nb3 Bxc1 10. Rxc1 Nxf3+ 11. Qxf3 b6 12. Rc3 Ne7 13. h4 f5 14. h5 fxe4
15. Qxe4 g5 16. g3 Qd7 17. Nd2 O-O 18. Rf1 a5 19. Nf3 h6 20. Nh2 Rae8 21. Ng4
Kg7 22. Kd2 Nf5 23. Rf3 Rf7 24. Rc1 Ref8 25. Rcc3 Ne7 26. b3 Rf5 27. Rxf5 Qxf5
28. Qxf5 Nxf5 29. Rf3 e4 30. Rc3 Kh7 31. Ke2 Rf7 32. a3 Ng7 33. Re3 Nxh5 34.
Rxe4 Ng7 35. b4 axb4 36. axb4 Nf5 37. Ne3 Kg6 38. Re6+ Kg7 39. Nc2 h5 40. Kd3
h4 41. gxh4 gxh4 42. Ne3 h3 43. Re4 Kg6 44. Rg4+ Kh5 45. Rg8 Nh6 46. Rh8 Kg5
47. Ke2 h2 48. Rxh6 Kxh6 49. Ng4+ Kg6 50. Nxh2 Rf4 51. Kd3 b5 52. cxb5 Rxf2 53.
Ng4 Rf4 54. b6 cxb6 55. Ne3 b5 56. Nc2 Rc4 57. Kd2 Kf6 58. Na3 Rd4+ 59. Ke3
Rxd5 0-1

[Event "5. Nord-West-Cup"]
[Site "?"]
[Date "2003.??.??"]
[Round "4"]
[White "Meyer, Thorsten"]
[Black "Großkopf, Lars"]
[Result "0-1"]
[WhiteElo "1978"]
[BlackElo "2142"]
[PlyCount "156"]

1. e4 d5 2. exd5 Qxd5 3. Nc3 Qa5 4. Be2 Nf6 5. Nf3 c6 6. O-O Bg4 7. d3 e6 8.
Bd2 Nbd7 9. a3 Qc7 10. Re1 Bd6 11. h3 Bh5 12. Ng5 Bg6 13. Bf1 Bf4 14. Nge4 O-O
15. Qc1 Be5 16. Rb1 Rac8 17. Be3 Nd5 18. Bd2 Rfe8 19. Ne2 Bxe4 20. dxe4 N5f6
21. f3 Rcd8 22. Be3 Bd6 23. b4 c5 24. c4 Ne5 25. Nc3 Ned7 26. Nb5 Qb8 27. Nxd6
Qxd6 28. Rd1 Qc7 29. Qc3 b6 30. Rd2 cxb4 31. axb4 Ne5 32. Rxd8 Rxd8 33. Bf4
Nfd7 34. Rd1 f6 35. Bg3 Rc8 36. Rc1 Qc6 37. Qa3 Re8 38. Bf2 Kf7 39. b5 Qc7 40.
f4 Ng6 41. f5 Nge5 42. g4 Rc8 43. fxe6+ Kxe6 44. Rd1 Nc5 45. Qe3 Rd8 46. Rd5
Kf7 47. Be2 Qe7 48. Be1 Ncd7 49. Bc3 Rc8 50. Qd4 Rc7 51. g5 Qa3 52. Kf2 Qc1 53.
Bd2 Qh1 54. gxf6 gxf6 55. Qe3 Qh2+ 56. Ke1 Qh1+ 57. Kf2 Nc5 58. Bh5+ Ng6 59.
Bxg6+ hxg6 60. e5 Ne4+ 61. Ke2 Qh2+ 62. Kd1 Nxd2 63. Rxd2 Qxe5 64. Qh6 Qh5+ 65.
Qxh5 gxh5 66. Ra2 Kg6 67. Ke2 Rxc4 68. Rxa7 Rc5 69. Ra8 Rxb5 70. Rg8+ Kf5 71.
Rh8 Kg5 72. Rg8+ Kh4 73. Rf8 f5 74. Rh8 Rb4 75. Kf3 b5 76. Rh7 Rc4 77. Rh8 b4
78. Rf8 f4 0-1

[Event "5. Nord-West-Cup"]
[Site "?"]
[Date "2003.??.??"]
[Round "4"]
[White "Lammers, Markus"]
[Black "Teixeira, Jose"]
[Result "1/2-1/2"]
[WhiteElo "2137"]
[BlackElo "1750"]
[PlyCount "76"]

1. e4 d6 2. d4 Nf6 3. Nc3 c6 4. f3 b5 5. Be3 Nbd7 6. Qd2 Qc7 7. O-O-O Nb6 8. e5
Nfd5 9. exd6 exd6 10. Bg5 Be7 11. Bxe7 Nxe7 12. Bd3 O-O 13. Nh3 Bf5 14. Ne4 d5
15. Nc5 Bxd3 16. Qxd3 Ng6 17. Kb1 Rfe8 18. g3 Re7 19. f4 Rae8 20. f5 Re3 21.
Qf1 Nf8 22. f6 g6 23. Ng5 Nbd7 24. Nxd7 Qxd7 25. Nf3 Qd6 26. Ne5 Nd7 27. Qh3
Nxf6 28. Qh6 Re4 29. Rhf1 Re7 30. h3 Qe6 31. g4 Nd7 32. Nf3 f6 33. a3 a5 34.
Qd2 a4 35. Qh6 Qd6 36. Rd3 Qf4 37. Qh4 Kg7 38. Rdd1 Qd6 1/2-1/2

[Event "5. Nord-West-Cup"]
[Site "?"]
[Date "2003.??.??"]
[Round "4"]
[White "Paust, Wolf-Dieter"]
[Black "Aßmus, Sven"]
[Result "1-0"]
[WhiteElo "2107"]
[BlackElo "1719"]
[PlyCount "55"]

1. e4 c6 2. Nc3 d5 3. d4 dxe4 4. Nxe4 Bf5 5. Ng3 Bg6 6. h4 h6 7. N1e2 e6 8. Nf4
Bh7 9. Bc4 e5 10. Qh5 g6 11. Qxe5+ Qe7 12. Ne4 Qxe5 13. dxe5 g5 14. e6 f5 15.
Nxg5 hxg5 16. hxg5 b5 17. Bd3 Na6 18. g6 Nh6 19. gxh7 Nc5 20. Ng6 Nxd3+ 21.
cxd3 Bb4+ 22. Ke2 Rxh7 23. Rxh6 Rxh6 24. Bxh6 O-O-O 25. a3 Bd6 26. Rc1 Kb7 27.
e7 Re8 28. Bf8 1-0

[Event "5. Nord-West-Cup"]
[Site "?"]
[Date "2003.??.??"]
[Round "4"]
[White "Kohlmann, Christian"]
[Black "Potthammel, Jörg"]
[Result "0-1"]
[WhiteElo "1719"]
[BlackElo "2107"]
[PlyCount "78"]

1. e4 c6 2. d4 d5 3. e5 Bf5 4. Bd3 Bxd3 5. Qxd3 e6 6. Nf3 Qa5+ 7. Bd2 Qa6 8.
O-O Qxd3 9. cxd3 Ne7 10. Nc3 h5 11. b4 Nf5 12. Rfb1 Nd7 13. a4 b6 14. b5 c5 15.
dxc5 Bxc5 16. Ne2 d4 17. Bb4 f6 18. exf6 gxf6 19. Bxc5 bxc5 20. g3 e5 21. a5
Ke7 22. Nd2 Nd6 23. Nc4 Rhb8 24. Kg2 Nxb5 25. a6 Nd6 26. Nxd6 Kxd6 27. Rb7 Rxb7
28. axb7 Rb8 29. Rxa7 Kd5 30. Kf3 f5 31. Nc1 e4+ 32. Ke2 Ne5 33. dxe4+ fxe4 34.
Kd2 Nc6 35. Ra8 Rxb7 36. Rh8 Rb2+ 37. Ke1 d3 38. Rxh5+ Kd4 39. Kd1 Ne5 0-1

[Event "5. Nord-West-Cup"]
[Site "?"]
[Date "2003.??.??"]
[Round "4"]
[White "Jordan, Jürgen"]
[Black "Lammers, Philipp"]
[Result "1-0"]
[WhiteElo "2094"]
[BlackElo "1657"]
[PlyCount "115"]

1. e4 c5 2. Nc3 d6 3. Bc4 Nc6 4. Nf3 Nf6 5. d4 cxd4 6. Nxd4 e6 7. Be3 Bd7 8.
O-O Be7 9. Bb3 O-O 10. Ndb5 Qb8 11. Bg5 a6 12. Nd4 Qc7 13. Re1 Nxd4 14. Qxd4
Bc6 15. Rad1 Rad8 16. Rd3 Rfe8 17. Rg3 Kh8 18. Qd1 d5 19. e5 Ne4 20. Bxe7 Qxe7
21. Nxe4 dxe4 22. Qg4 g6 23. Qf4 Kg7 24. Rh3 Rh8 25. c3 Rd3 26. Qh6+ Kg8 27.
Rxd3 exd3 28. Rd1 Qf8 29. Qxf8+ Kxf8 30. Rxd3 Ke7 31. f3 h5 32. h4 Rg8 33. f4
Rd8 34. Rxd8 Kxd8 35. Kf2 Kc7 36. g3 Kb6 37. Ke3 Kc5 38. Kd3 a5 39. a4 Bf3 40.
Bc2 b6 41. Ke3 Bg4 42. Bd3 Bd1 43. Bb5 Bg4 44. Be8 Kc4 45. Bxf7 Bf5 46. Be8 Kb3
47. Bb5 Kxb2 48. Bd3 Bxd3 49. Kxd3 Kb3 50. g4 hxg4 51. f5 gxf5 52. h5 g3 53.
Ke3 g2 54. Kf2 Kxa4 55. h6 Kb3 56. h7 a4 57. h8=Q a3 58. Qe8 1-0